00326pab a2200121 454500008004000000100001700040245004000057260000900097300001300106362001600119650003500135773003400170180718b1986 xxu||||| |||| 00| 0 eng d aBhende, M.J. aCredit markets in rural South India c1986 aA 119-24 a20-27 Sept. aBanks - India - Andhra Pradesh aEconomic and Political Weekly